[Event "Czech op GMA"]
[Site "Pardubice CZE"]
[Date "2007.07.22"]
[Round "3"]
[White "Kaufman, Raymond"]
[Black "Petr, Martin"]
[Result "1-0"]
[WhiteElo "2310"]
[BlackElo "2453"]
[PlyCount "107"]
[GameId "2129405103461701"]
[EventDate "2007.07.20"]
[EventType "swiss"]
[EventRounds "9"]
[EventCountry "CZE"]
[SourceTitle "The Week in Chess 664"]
[Source "Mark Crowther"]
[SourceDate "2007.07.30"]
[SourceVersion "1"]
[SourceVersionDate "2007.07.30"]
[SourceQuality "2"]

1. Nf3 Nf6 2. c4 e6 3. g3 d5 4. d4 c6 5. Bg2 dxc4 6. Ne5 b5 7. a4 Nd5 8. O-O Bb7 9. e4 Nf6 10. b3 cxb3 11. Qxb3 Qxd4 12. Bb2 Qb6 13. axb5 Qxb5 14. Qc2 Na6 15. Nc4 Nb4 16. Qb3 Na6 17. Qc2 Nb4 18. Qb3 c5 19. Nc3 Qc6 20. Na5 Qb6 21. Qa4+ Bc6 22. Nxc6 Qxc6 23. Qxc6+ Nxc6 24. e5 Nd5 25. Nxd5 exd5 26. Bxd5 Rc8 27. Bxc6+ Rxc6 28. Rxa7 Be7 29. Rd1 Bd8 30. e6 fxe6 31. Rxg7 Rf8 32. Rxh7 c4 33. Bg7 Rg8 34. Bc3 Rf8 35. Kg2 Be7 36. Ra1 Rc8 37. Ra6 Rf7 38. Rh8+ Bf8 39. Rxe6+ Kd7 40. Re4 Rf5 41. Rd4+ Ke6 42. g4 Rf7 43. Re4+ Kd5 44. f3 Kc5 45. g5 Rc6 46. h4 Rd6 47. Re5+ Kb6 48. Re8 Bg7 49. Rh7 Rd3 50. Rxg7 Rfxf3 51. Rb8+ Kc6 52. Be1 Rfe3 53. Bf2 Re2 54. Rc8+ 1-0

[Event "Czech op GMA"]
[Site "Pardubice CZE"]
[Date "2007.07.23"]
[Round "4"]
[White "Teske, Henrik"]
[Black "Kaufman, Raymond"]
[Result "0-1"]
[WhiteElo "2578"]
[BlackElo "2310"]
[PlyCount "78"]
[GameId "2129405103461829"]
[EventDate "2007.07.20"]
[EventType "swiss"]
[EventRounds "9"]
[EventCountry "CZE"]
[SourceTitle "The Week in Chess 664"]
[Source "Mark Crowther"]
[SourceDate "2007.07.30"]
[SourceVersion "1"]
[SourceVersionDate "2007.07.30"]
[SourceQuality "2"]

1. d4 Nf6 2. c4 e6 3. Nf3 Bb4+ 4. Nbd2 O-O 5. g3 b6 6. Bg2 Bb7 7. O-O a5 8. e4 Nxe4 9. Nxe4 Bxe4 10. c5 a4 11. a3 Ba5 12. Qxa4 Bd2 13. Qd1 Bxc1 14. Rxc1 Nc6 15. Re1 Bd5 16. Re3 f6 17. b4 b5 18. Bf1 f5 19. Bxb5 f4 20. Rec3 fxg3 21. hxg3 Qf6 22. Be2 g5 23. Qd2 g4 24. Qg5+ Qxg5 25. Nxg5 h6 26. Nxe6 dxe6 27. Bxg4 Nxd4 28. f4 Rf6 29. Re3 Kg7 30. Kf2 h5 31. Bxh5 Rh8 32. g4 Rxf4+ 33. Kg3 Rhf8 34. Rd1 Nc2 35. Rxd5 Nxe3 36. Rd7+ Kh6 37. Kh4 Nxg4 38. Bxg4 Rg8 39. Rxc7 Rfxg4+ 0-1

[Event "Czech op GMA"]
[Site "Pardubice CZE"]
[Date "2007.07.25"]
[Round "6"]
[White "Kalod, Radek"]
[Black "Kaufman, Raymond"]
[Result "1/2-1/2"]
[WhiteElo "2486"]
[BlackElo "2310"]
[PlyCount "54"]
[GameId "2129405103470149"]
[EventDate "2007.07.20"]
[EventType "swiss"]
[EventRounds "9"]
[EventCountry "CZE"]
[SourceTitle "The Week in Chess 664"]
[Source "Mark Crowther"]
[SourceDate "2007.07.30"]
[SourceVersion "1"]
[SourceVersionDate "2007.07.30"]
[SourceQuality "2"]

1. e4 d6 2. d4 Nf6 3. Nc3 g6 4. Be3 c6 5. f4 Qb6 6. Qc1 Ng4 7. Nf3 Nxe3 8. Qxe3 Bh6 9. O-O-O e5 10. g3 Bg4 11. Bg2 Bg7 12. Ne2 Nd7 13. h3 Bxf3 14. Bxf3 exd4 15. Nxd4 O-O-O 16. c3 Rhe8 17. Qd2 Nc5 18. Rhe1 Re7 19. Qc2 Rde8 20. Re2 a5 21. Nb3 Nxb3+ 22. axb3 d5 23. Rde1 dxe4 24. Rxe4 Rxe4 25. Rxe4 Qg1+ 26. Qd1 Qxd1+ 27. Kxd1 Rxe4 1/2-1/2

[Event "Czech op GMA"]
[Site "Pardubice CZE"]
[Date "2007.07.27"]
[Round "8"]
[White "Simacek, Pavel"]
[Black "Kaufman, Raymond"]
[Result "1-0"]
[WhiteElo "2481"]
[BlackElo "2310"]
[PlyCount "81"]
[GameId "2129405103478547"]
[EventDate "2007.07.20"]
[EventType "swiss"]
[EventRounds "9"]
[EventCountry "CZE"]
[SourceTitle "The Week in Chess 664"]
[Source "Mark Crowther"]
[SourceDate "2007.07.30"]
[SourceVersion "1"]
[SourceVersionDate "2007.07.30"]
[SourceQuality "2"]

1. e4 d6 2. d4 Nf6 3. Nc3 g6 4. Be2 Bg7 5. Nf3 O-O 6. O-O Bg4 7. Be3 Nc6 8. d5 Bxf3 9. Bxf3 Ne5 10. Be2 c6 11. f3 Rc8 12. dxc6 bxc6 13. Qd2 Rb8 14. b3 Qc7 15. g4 Qa5 16. Rad1 Nfd7 17. Nd5 Qd8 18. Nb4 a5 19. Nd3 Nxd3 20. cxd3 c5 21. d4 cxd4 22. Bxd4 Bxd4+ 23. Qxd4 Rb4 24. Qa7 Nc5 25. Kf2 Rb7 26. Qxc5 dxc5 27. Rxd8 Rxd8 28. Ke3 a4 29. bxa4 Rb2 30. Rc1 Rdd2 31. Bc4 Rdc2 32. Rxc2 Rxc2 33. Kd3 Rf2 34. Bb3 Rxf3+ 35. Kc4 f5 36. gxf5 gxf5 37. exf5 Rxf5 38. a5 e5 39. a6 e4 40. a7 Rf8 41. Kc3+ 1-0

[Event "Czech op GMA"]
[Site "Pardubice CZE"]
[Date "2007.07.28"]
[Round "9"]
[White "Kaufman, Raymond"]
[Black "Voloshin, Leonid"]
[Result "0-1"]
[WhiteElo "2310"]
[BlackElo "2462"]
[PlyCount "56"]
[GameId "2129405103478593"]
[EventDate "2007.07.20"]
[EventType "swiss"]
[EventRounds "9"]
[EventCountry "CZE"]
[SourceTitle "The Week in Chess 664"]
[Source "Mark Crowther"]
[SourceDate "2007.07.30"]
[SourceVersion "1"]
[SourceVersionDate "2007.07.30"]
[SourceQuality "2"]

1. Nc3 d5 2. e4 d4 3. Nce2 e5 4. Ng3 Be6 5. Nf3 f6 6. Bb5+ c6 7. Ba4 Na6 8. Bb3 Bxb3 9. axb3 d3 10. cxd3 Qxd3 11. Qe2 Nb4 12. O-O Qxe2 13. Nxe2 Nd3 14. Nc3 a6 15. Ne1 Nc5 16. Ra3 Ne6 17. b4 Bxb4 18. Rb3 a5 19. Na2 c5 20. Nc2 Ne7 21. Rg3 Kf7 22. d3 Rhd8 23. f4 exf4 24. Bxf4 Rd7 25. Be5 Rad8 26. Rgf3 Ng6 27. Bc3 Bxc3 28. Nxc3 Ne5 0-1

[Event "Oberwart op A"]
[Site "Oberwart AUT"]
[Date "2007.07.09"]
[Round "3.12"]
[White "Kaufman, Raymond"]
[Black "Balinov, Ilija"]
[Result "1/2-1/2"]
[WhiteElo "2310"]
[BlackElo "2499"]
[PlyCount "69"]
[GameId "2129405103824792"]
[EventDate "2007.07.07"]
[EventType "swiss"]
[EventRounds "9"]
[EventCountry "NED"]

1. e4 c5 2. Nf3 e6 3. d3 Nc6 4. c3 d5 5. Qe2 Nf6 6. g3 Be7 7. Bg2 b5 8. O-O Rb8 9. Bf4 Rb6 10. Ne5 Nxe5 11. Bxe5 O-O 12. a4 Ra6 13. Na3 Rxa4 14. Nxb5 Rxa1 15. Rxa1 Qb6 16. c4 Ba6 17. Nc7 Bb7 18. exd5 exd5 19. Nxd5 Bxd5 20. cxd5 Re8 21. d4 cxd4 22. Qc4 Bc5 23. Ra6 Qxb2 24. Bxf6 Re1+ 25. Bf1 gxf6 26. Rc6 Rc1 27. Qa6 Kg7 28. Qd3 Bb6 29. Qf5 Rxc6 30. Qg4+ Kf8 31. dxc6 h5 32. Qxh5 d3 33. Qf5 d2 34. Qc8+ Kg7 35. Qg4+ 1/2-1/2

[Event "Balaton op A"]
[Site "Balatonlelle HUN"]
[Date "2007.06.17"]
[Round "2"]
[White "Kaufman, Raymond"]
[Black "Gonda, Laszlo"]
[Result "0-1"]
[WhiteElo "2319"]
[BlackElo "2501"]
[PlyCount "114"]
[GameId "2129405104303862"]
[EventDate "2007.06.16"]
[EventType "swiss"]
[EventRounds "9"]
[EventCountry "HUN"]
[SourceTitle "The Week in Chess 660"]
[Source "Mark Crowther"]
[SourceDate "2007.07.02"]
[SourceVersion "1"]
[SourceVersionDate "2007.07.02"]
[SourceQuality "2"]

1. d4 Nf6 2. c4 e6 3. Nc3 Bb4 4. e3 O-O 5. Bd3 d5 6. Nge2 c5 7. a3 Bxc3+ 8. Nxc3 cxd4 9. exd4 dxc4 10. Bxc4 Nc6 11. Be3 b6 12. O-O Bb7 13. Ba2 Ne7 14. Bg5 Ng6 15. d5 h6 16. Bxf6 Qxf6 17. dxe6 fxe6 18. Qd7 Bxg2 19. Qxe6+ Qxe6 20. Bxe6+ Kh7 21. Kxg2 Nf4+ 22. Kg3 Nxe6 23. Rae1 Rf6 24. Re4 Raf8 25. Nd5 Rg6+ 26. Rg4 Ng5 27. f4 Ne4+ 28. Kh4 Rd6 29. Re1 Re8 30. f5 Rxd5 31. Rexe4 Rxe4 32. Rxe4 Rxf5 33. Re7 a5 34. Kg3 Rb5 35. Re2 Kg6 36. Rf2 Kg5 37. Kg2 Rf5 38. Rd2 Kf4 39. b4 a4 40. Rd7 Rg5+ 41. Kf2 b5 42. h4 Rh5 43. Rxg7 Rxh4 44. Rf7+ Ke4 45. Rb7 Rh5 46. Kg3 Rg5+ 47. Kh4 Rd5 48. Rb6 h5 49. Rc6 Kd4 50. Rc8 Re5 51. Rc7 Re3 52. Rc5 Rxa3 53. Rxb5 Rb3 54. Kxh5 a3 55. Rg5 Rxb4 56. Ra5 Rb3 57. Rg5 a2 0-1

[Event "FSIM-B 2007.06"]
[Site "Budapest HUN"]
[Date "2007.06.03"]
[Round "2"]
[White "Kaufman, Raymond"]
[Black "Goh Wei Ming, Kevin"]
[Result "0-1"]
[WhiteElo "2319"]
[BlackElo "2375"]
[PlyCount "34"]
[GameId "2129405104565610"]
[EventDate "2007.06.02"]
[EventType "tourn"]
[EventRounds "11"]
[EventCountry "HUN"]
[EventCategory "1"]
[SourceTitle "The Week in Chess 657"]
[Source "Mark Crowther"]
[SourceDate "2007.06.11"]
[SourceVersion "1"]
[SourceVersionDate "2007.06.11"]
[SourceQuality "2"]

1. e4 e6 2. d4 d5 3. Nc3 Nc6 4. Nf3 Nf6 5. Bg5 Be7 6. e5 Ne4 7. Bxe7 Qxe7 8. a3 Bd7 9. Bd3 Ng5 10. Nd2 f6 11. exf6 Qxf6 12. Nb3 O-O-O 13. Qd2 Nf7 14. Qe3 e5 15. dxe5 Nfxe5 16. O-O-O d4 17. Nxd4 Ng4 0-1

[Event "FSIM-B 2007.06"]
[Site "Budapest HUN"]
[Date "2007.06.04"]
[Round "3"]
[White "Galyas, Miklos"]
[Black "Kaufman, Raymond"]
[Result "1-0"]
[WhiteElo "2444"]
[BlackElo "2319"]
[PlyCount "85"]
[GameId "2129405104565616"]
[EventDate "2007.06.02"]
[EventType "tourn"]
[EventRounds "11"]
[EventCountry "HUN"]
[EventCategory "1"]
[SourceTitle "The Week in Chess 657"]
[Source "Mark Crowther"]
[SourceDate "2007.06.11"]
[SourceVersion "1"]
[SourceVersionDate "2007.06.11"]
[SourceQuality "2"]

1. d4 d5 2. c4 Nc6 3. Nc3 Nf6 4. Nf3 Bf5 5. Bf4 e6 6. e3 Bb4 7. Rc1 Ne4 8. cxd5 exd5 9. Bd3 O-O 10. O-O Re8 11. Nb5 Ba5 12. Ne5 Nxe5 13. Bxe5 c6 14. Bxe4 Bxe4 15. Nd6 f6 16. Nxb7 Qb6 17. Nxa5 Qxa5 18. Bd6 Qxa2 19. Ba3 Re6 20. Rc3 Rb8 21. Qa1 Qxa1 22. Rxa1 Kf7 23. f3 Bg6 24. Kf2 Ke8 25. Ke2 Kd7 26. Kd2 a5 27. Rac1 h5 28. Rc5 Ra8 29. Ra1 Ree8 30. Rc3 Reb8 31. Re1 Re8 32. Rec1 Ra6 33. Rb3 Rc8 34. Bc5 Kc7 35. Ra1 Rca8 36. Ra4 Re8 37. Rba3 Rb8 38. Kc1 Rb5 39. Bf8 Rab6 40. Ra2 Rb3 41. R4a3 Bh7 42. Bxg7 R6b4 43. Bxf6 1-0

[Event "FSIM-B 2007.06"]
[Site "Budapest HUN"]
[Date "2007.06.05"]
[Round "4"]
[White "Kaufman, Raymond"]
[Black "Asabri, Hussein"]
[Result "1-0"]
[WhiteElo "2319"]
[BlackElo "2228"]
[PlyCount "61"]
[GameId "2129405104565621"]
[EventDate "2007.06.02"]
[EventType "tourn"]
[EventRounds "11"]
[EventCountry "HUN"]
[EventCategory "1"]
[SourceTitle "The Week in Chess 657"]
[Source "Mark Crowther"]
[SourceDate "2007.06.11"]
[SourceVersion "1"]
[SourceVersionDate "2007.06.11"]
[SourceQuality "2"]

1. d4 Nf6 2. c4 c5 3. d5 e6 4. Nc3 exd5 5. cxd5 d6 6. e4 g6 7. h3 Bg7 8. Nf3 O-O 9. Bd3 b5 10. Bxb5 Nxe4 11. Nxe4 Qa5+ 12. Nfd2 Qxb5 13. Nxd6 Qa6 14. N2c4 Nd7 15. O-O Nb6 16. Nxb6 Qxb6 17. Nc4 Qb4 18. Ne3 Ba6 19. Re1 Rfe8 20. Rb1 Bd3 21. Bd2 Qb7 22. Rc1 Qxb2 23. Rxc5 Bd4 24. Ra5 Rab8 25. Bc1 Qb1 26. Ra3 Rec8 27. d6 Rxc1 28. Qxc1 Qxc1 29. Rxc1 Bb2 30. Rb3 Rxb3 31. axb3 1-0

[Event "FSIM-B 2007.06"]
[Site "Budapest HUN"]
[Date "2007.06.06"]
[Round "5"]
[White "Kahn, Evarth"]
[Black "Kaufman, Raymond"]
[Result "0-1"]
[WhiteElo "2334"]
[BlackElo "2319"]
[PlyCount "94"]
[GameId "2129405104565626"]
[EventDate "2007.06.02"]
[EventType "tourn"]
[EventRounds "11"]
[EventCountry "HUN"]
[EventCategory "1"]
[SourceTitle "The Week in Chess 657"]
[Source "Mark Crowther"]
[SourceDate "2007.06.11"]
[SourceVersion "1"]
[SourceVersionDate "2007.06.11"]
[SourceQuality "2"]

1. e4 c5 2. b3 d6 3. f4 Nc6 4. Nf3 Nf6 5. d3 g6 6. Bb2 Bg7 7. Be2 O-O 8. O-O c4 9. Nbd2 cxd3 10. Bxd3 Nxe4 11. Bxg7 Qb6+ 12. Kh1 Nxd2 13. Qxd2 Kxg7 14. f5 Qa5 15. Qg5 Bxf5 16. b4 h6 17. Qg3 Nxb4 18. Bxf5 Qxf5 19. Nd4 Qe5 20. Nf5+ Kh7 21. Qh3 gxf5 22. Rae1 Qf6 23. Rxf5 Qg6 24. Re4 e6 25. Rff4 Nd5 26. Rh4 f5 27. Rxh6+ Qxh6 28. Rh4 Rf6 29. Rxh6+ Rxh6 30. Qa3 Rg8 31. Qxd6 Rhg6 32. g3 f4 33. c4 Nf6 34. Qxf4 Rd8 35. Kg2 Kg7 36. Qe3 Ng4 37. Qc3+ Nf6 38. Qa5 Rd7 39. Qxa7 Ng4 40. Qa5 e5 41. Qc3 Rgd6 42. Kh3 Rg6 43. Qb2 Kg8 44. Kg2 Rf6 45. Kh3 Ne3 46. g4 Rh7+ 47. Kg3 Nf1+ 0-1

[Event "FSIM-B 2007.06"]
[Site "Budapest HUN"]
[Date "2007.06.08"]
[Round "7"]
[White "Csapo, Zoltan"]
[Black "Kaufman, Raymond"]
[Result "0-1"]
[WhiteElo "2162"]
[BlackElo "2319"]
[PlyCount "52"]
[GameId "2129405104565634"]
[EventDate "2007.06.02"]
[EventType "tourn"]
[EventRounds "11"]
[EventCountry "HUN"]
[EventCategory "1"]
[SourceTitle "The Week in Chess 657"]
[Source "Mark Crowther"]
[SourceDate "2007.06.11"]
[SourceVersion "1"]
[SourceVersionDate "2007.06.11"]
[SourceQuality "2"]

1. e4 e6 2. d4 d5 3. Nc3 Nc6 4. Nge2 Nf6 5. f3 Bb4 6. Qd3 a5 7. Bg5 h6 8. Bxf6 Qxf6 9. O-O-O Qd8 10. exd5 exd5 11. Nf4 Ne7 12. a3 Bf5 13. Qe3 Bxc3 14. Qxc3 Qd6 15. Nh5 Bg6 16. g4 O-O 17. Ng3 f5 18. gxf5 Nxf5 19. Nxf5 Bxf5 20. Re1 Rae8 21. Re5 c5 22. Rxe8 Rxe8 23. dxc5 Qf4+ 24. Kb1 Re3 25. Qd2 Qe5 26. Bb5 Rb3 0-1

[Event "FSIM-B 2007.06"]
[Site "Budapest HUN"]
[Date "2007.06.09"]
[Round "8"]
[White "Kaufman, Raymond"]
[Black "Werner, Dimo"]
[Result "1/2-1/2"]
[WhiteElo "2319"]
[BlackElo "2358"]
[PlyCount "37"]
[GameId "2129405104565642"]
[EventDate "2007.06.02"]
[EventType "tourn"]
[EventRounds "11"]
[EventCountry "HUN"]
[EventCategory "1"]
[SourceTitle "The Week in Chess 658"]
[Source "Mark Crowther"]
[SourceDate "2007.06.18"]
[SourceVersion "1"]
[SourceVersionDate "2007.06.18"]
[SourceQuality "2"]

1. e4 c5 2. Nf3 Nc6 3. Bb5 Qc7 4. O-O e6 5. Bxc6 Qxc6 6. Nc3 d6 7. d4 cxd4 8. Nxd4 Qd7 9. f4 Nf6 10. Kh1 b6 11. e5 dxe5 12. fxe5 Ba6 13. Rf2 Nd5 14. Ne4 Bc5 15. c3 Bb7 16. Ng5 Bxd4 17. cxd4 f5 18. exf6 Nxf6 19. Bf4 1/2-1/2

[Event "FSIM-B 2007.06"]
[Site "Budapest HUN"]
[Date "2007.06.11"]
[Round "10"]
[White "Kaufman, Raymond"]
[Black "Ruszin, Anna"]
[Result "1-0"]
[WhiteElo "2319"]
[BlackElo "2125"]
[PlyCount "71"]
[GameId "2129405104565652"]
[EventDate "2007.06.02"]
[EventType "tourn"]
[EventRounds "11"]
[EventCountry "HUN"]
[EventCategory "1"]
[SourceTitle "The Week in Chess 658"]
[Source "Mark Crowther"]
[SourceDate "2007.06.18"]
[SourceVersion "1"]
[SourceVersionDate "2007.06.18"]
[SourceQuality "2"]

1. d4 d5 2. c4 c6 3. Nc3 Nf6 4. Nf3 e6 5. Bg5 h6 6. Bh4 dxc4 7. e4 g5 8. Bg3 b5 9. Be2 Bb4 10. Qc2 g4 11. Ne5 Qxd4 12. Rd1 Qxe4 13. Qd2 Bxc3 14. Qxc3 O-O 15. f3 gxf3 16. gxf3 Qf5 17. Rg1 Kh7 18. Bh4 Nh5 19. f4 Qxf4 20. Be7 b4 21. Qc2+ f5 22. Ng6 Rg8 23. Nxf4 Rxg1+ 24. Kf2 Rxd1 25. Qxd1 Nxf4 26. Qd8 Nd7 27. Bxc4 c5 28. Bd6 Nh3+ 29. Ke3 Ng5 30. Qe7+ Kg6 31. h4 Nb6 32. hxg5 Nxc4+ 33. Kf4 Nxd6 34. Qf6+ Kh7 35. Qxh6+ Kg8 36. g6 1-0

[Event "FSIM-B 2007.06"]
[Site "Budapest HUN"]
[Date "2007.06.12"]
[Round "11"]
[White "Farago, Sandor"]
[Black "Kaufman, Raymond"]
[Result "1/2-1/2"]
[WhiteElo "2275"]
[BlackElo "2319"]
[PlyCount "40"]
[GameId "2129405104565654"]
[EventDate "2007.06.02"]
[EventType "tourn"]
[EventRounds "11"]
[EventCountry "HUN"]
[EventCategory "1"]
[SourceTitle "The Week in Chess 658"]
[Source "Mark Crowther"]
[SourceDate "2007.06.18"]
[SourceVersion "1"]
[SourceVersionDate "2007.06.18"]
[SourceQuality "2"]

1. Nf3 c5 2. c4 Nc6 3. g3 e5 4. d3 g6 5. Bg2 Bg7 6. Nc3 Nge7 7. O-O O-O 8. Ne1 d6 9. Nc2 a6 10. a4 Rb8 11. Rb1 Be6 12. Nd5 b5 13. axb5 axb5 14. Bg5 f6 15. Bd2 Nd4 16. f3 Nxc2 17. Qxc2 Nxd5 18. cxd5 Bd7 19. b4 c4 20. dxc4 bxc4 1/2-1/2

[Event "Eastern op"]
[Site "Washington DC USA"]
[Date "2006.12.30"]
[Round "7"]
[White "Kaufman, Raymond"]
[Black "Hu Zhiya"]
[Result "0-1"]
[WhiteElo "2341"]
[BlackElo "2197"]
[PlyCount "174"]
[GameId "2129405107855613"]
[EventDate "2006.12.27"]
[EventType "swiss"]
[EventRounds "8"]
[EventCountry "USA"]
[SourceTitle "The Week in Chess 634"]
[Source "Mark Crowther"]
[SourceDate "2007.01.01"]
[SourceVersion "1"]
[SourceVersionDate "2007.01.01"]
[SourceQuality "2"]

1. d4 d5 2. c4 c6 3. Nf3 Nf6 4. Nc3 e6 5. Bg5 dxc4 6. e4 b5 7. e5 h6 8. Bh4 g5 9. Nxg5 hxg5 10. Bxg5 Nbd7 11. g3 Qb6 12. exf6 Bb7 13. Bg2 O-O-O 14. O-O Ne5 15. a4 b4 16. a5 Qxd4 17. a6 Ba8 18. Qxd4 Rxd4 19. Be3 Rd7 20. Nb5 cxb5 21. Bxa8 Nd3 22. Bb7+ Kb8 23. Ra5 Rh5 24. Rd1 c3 25. bxc3 bxc3 26. Bc6 c2 27. Rf1 Rc7 28. Rxb5+ Rxb5 29. Bxb5 c1=Q 30. Rxc1 Nxc1 31. Bf4 Bc5 32. h4 Bd4 33. Bxc7+ Kxc7 34. g4 Bxf6 35. g5 Bd4 36. Be8 Nd3 37. Bxf7 Bxf2+ 38. Kf1 Bxh4 39. g6 Bf6 40. Bxe6 Ne5 41. Ke2 Nxg6 42. Kd2 Kb6 43. Bc4 Ne5 44. Be2 Nc6 45. Kc1 Nb4 46. Kb1 Nxa6 47. Bc4 Nb4 48. Bg8 Kc5 49. Bf7 a5 50. Be8 Nd5 51. Bf7 Nc3+ 52. Kc2 Kb4 53. Bg8 a4 54. Bf7 a3 55. Bg8 Bg5 56. Bf7 a2 57. Bxa2 Nxa2 58. Kd3 Nc3 59. Kd4 Bf6+ 60. Kd3 Be5 61. Ke3 Kc4 62. Kf3 Kd4 63. Kf2 Ke4 64. Kg2 Ke3 65. Kh1 Kf3 66. Kg1 Ne4 67. Kh1 Nf2+ 68. Kg1 Bf4 69. Kf1 Bh2 70. Ke1 Ne4 71. Kd1 Ke3 72. Kc2 Nd2 73. Kc3 Bd6 74. Kc2 Ke2 75. Kc3 Bc5 76. Kc2 Bb4 77. Kc1 Kd3 78. Kd1 Nc4 79. Kc1 Ne3 80. Kb2 Kc4 81. Ka2 Kc3 82. Kb1 Kb3 83. Kc1 Bc3 84. Kb1 Bd2 85. Ka1 Nc4 86. Kb1 Na3+ 87. Ka1 Bc3# 0-1

[Event "FSIM-B 2006.08"]
[Site "Budapest HUN"]
[Date "2006.08.05"]
[Round "1"]
[White "Kahn, Evarth"]
[Black "Kaufman, Raymond"]
[Result "1-0"]
[WhiteElo "2307"]
[BlackElo "2274"]
[PlyCount "73"]
[GameId "2129405110967900"]
[EventDate "2006.08.05"]
[EventType "tourn"]
[EventRounds "13"]
[EventCountry "HUN"]
[EventCategory "1"]
[SourceTitle "The Week in Chess 614"]
[Source "Mark Crowther"]
[SourceDate "2006.08.14"]
[SourceVersion "1"]
[SourceVersionDate "2006.08.14"]
[SourceQuality "2"]

1. d4 e6 2. c4 Nf6 3. Nc3 Bb4 4. Qc2 Nc6 5. Nf3 Qe7 6. a3 Bxc3+ 7. Qxc3 h6 8. g3 O-O 9. Bg2 d6 10. O-O a5 11. b3 e5 12. dxe5 dxe5 13. Bb2 Re8 14. h3 Bf5 15. Nh4 Bh7 16. f4 Qc5+ 17. Kh2 exf4 18. Rxf4 Re3 19. Qe1 Nh5 20. Rf3 Rae8 21. Qf2 Qe7 22. Rxe3 Qxe3 23. Rf1 Qxf2 24. Rxf2 Re3 25. Bf3 Rxb3 26. Bxh5 Rxb2 27. Bxf7+ Kh8 28. Bd5 Ne7 29. Rf8+ Bg8 30. Ng6+ Nxg6 31. Rxg8+ Kh7 32. Re8 h5 33. h4 b5 34. Be4 Rxe2+ 35. Kg1 Rxe4 36. Rxe4 c6 37. Re6 1-0

[Event "FSIM-B 2006.08"]
[Site "Budapest HUN"]
[Date "2006.08.06"]
[Round "2"]
[White "Kaufman, Raymond"]
[Black "Hoolt, Sarah"]
[Result "1-0"]
[WhiteElo "2274"]
[BlackElo "2122"]
[PlyCount "79"]
[GameId "2129405110967904"]
[EventDate "2006.08.05"]
[EventType "tourn"]
[EventRounds "13"]
[EventCountry "HUN"]
[EventCategory "1"]
[SourceTitle "The Week in Chess 614"]
[Source "Mark Crowther"]
[SourceDate "2006.08.14"]
[SourceVersion "1"]
[SourceVersionDate "2006.08.14"]
[SourceQuality "2"]

1. e4 c5 2. Nf3 e6 3. d4 cxd4 4. Nxd4 Nf6 5. Nc3 Nc6 6. Ndb5 Bc5 7. Nd6+ Ke7 8. Bf4 e5 9. Nxc8+ Rxc8 10. Bg5 Bb4 11. Bd3 Bxc3+ 12. bxc3 Na5 13. O-O h6 14. Bc1 d6 15. f4 Qb6+ 16. Kh1 Qc5 17. fxe5 dxe5 18. a4 Nc4 19. Bxc4 Qxc4 20. Ba3+ Ke8 21. Qd6 Qe6 22. Qb4 b6 23. Qb5+ Nd7 24. Rad1 Qc6 25. Rxd7 Qxd7 26. Qxe5+ Kd8 27. Qxg7 Re8 28. h3 Rc7 29. e5 Qd5 30. Bd6 Rxc3 31. Kh2 f5 32. Qf6+ Kc8 33. Qxf5+ Qe6 34. Qh7 Rg8 35. Rf3 Rc4 36. Rf7 Rxg2+ 37. Kxg2 Qd5+ 38. Rf3 Qd2+ 39. Rf2 Qg5+ 40. Kh2 1-0

[Event "FSIM-B 2006.08"]
[Site "Budapest HUN"]
[Date "2006.08.07"]
[Round "3"]
[White "Mihok, Oliver"]
[Black "Kaufman, Raymond"]
[Result "1-0"]
[WhiteElo "2223"]
[BlackElo "2274"]
[PlyCount "120"]
[GameId "2129405110967912"]
[EventDate "2006.08.05"]
[EventType "tourn"]
[EventRounds "13"]
[EventCountry "HUN"]
[EventCategory "1"]
[SourceTitle "The Week in Chess 614"]
[Source "Mark Crowther"]
[SourceDate "2006.08.14"]
[SourceVersion "1"]
[SourceVersionDate "2006.08.14"]
[SourceQuality "2"]

1. e4 g6 2. d4 d6 3. Bc4 Nf6 4. Qe2 Nc6 5. c3 Bg7 6. Nf3 O-O 7. O-O d5 8. exd5 Nxd5 9. Bg5 Qd6 10. Nbd2 h6 11. Ne4 Qe6 12. Bd2 f5 13. Nc5 Qxe2 14. Bxe2 b6 15. Bc4 e6 16. Nd3 g5 17. Rfe1 Rd8 18. h4 g4 19. Nfe5 Nxe5 20. Nxe5 Bb7 21. Bb3 a5 22. a4 Rac8 23. Rad1 Re8 24. Nd3 c5 25. dxc5 bxc5 26. Bc4 Kh7 27. Nf4 Nxf4 28. Bxf4 e5 29. Bb5 Re7 30. Rd7 Rc7 31. Rxe7 Rxe7 32. Bd2 Bf6 33. g3 Bf3 34. c4 e4 35. Bxa5 Bxb2 36. Bd2 Kg6 37. a5 Be5 38. a6 f4 39. gxf4 Bd4 40. Be3 Kh5 41. Kh2 Kxh4 42. Rg1 Bxe3 43. fxe3 Re6 44. a7 Rd6 45. Rxg4+ Bxg4 46. a8=Q Rd2+ 47. Kg1 Kg3 48. Ba4 Ra2 49. Qh8 Rxa4 50. Qb2 Bf3 51. f5 Rb4 52. Qe5+ Kh3 53. Kf2 Kh4 54. Qf4+ Bg4 55. Qxh6+ Bh5 56. Qf4+ Bg4 57. Qxe4 Rb2+ 58. Ke1 Re2+ 59. Kf1 Rd2 60. Qe7+ Kh3 1-0

[Event "FSIM-B 2006.08"]
[Site "Budapest HUN"]
[Date "2006.08.08"]
[Round "4"]
[White "Kaufman, Raymond"]
[Black "Farago, Sandor"]
[Result "1-0"]
[WhiteElo "2274"]
[BlackElo "2275"]
[PlyCount "48"]
[GameId "2129405110967917"]
[EventDate "2006.08.05"]
[EventType "tourn"]
[EventRounds "13"]
[EventCountry "HUN"]
[EventCategory "1"]
[SourceTitle "The Week in Chess 614"]
[Source "Mark Crowther"]
[SourceDate "2006.08.14"]
[SourceVersion "1"]
[SourceVersionDate "2006.08.14"]
[SourceQuality "2"]

1. e4 c5 2. Nf3 d6 3. d4 cxd4 4. Nxd4 Nf6 5. Nc3 g6 6. Be3 Bg7 7. f3 O-O 8. Qd2 Nc6 9. Bc4 Bd7 10. O-O-O Rc8 11. Bb3 Ne5 12. Kb1 a5 13. a3 a4 14. Ba2 Nc4 15. Bxc4 Rxc4 16. h4 h5 17. Nde2 Qb8 18. Bh6 b5 19. Na2 Rfc8 20. Bxg7 Kxg7 21. Nb4 Qb6 22. Nf4 Qc5 23. g4 Bxg4 24. fxg4 Nxg4 1-0